| 000 | 00746nam a2200205 a 4500 | ||
|---|---|---|---|
| 001 | 000045704 | ||
| 005 | 20201002052410.0 | ||
| 008 | 150429s1987 dr a 000 0 spa d | ||
| 040 |
_aDO-SdBNP _bspa _cBNPHU |
||
| 245 | 0 | 0 |
_aLengua española : _bcomprensión y expresión / _cYolanda Fernández de Perdomo [et.al]. |
| 260 |
_aSanto Domingo : _bAlfa & Omega, _c1987. |
||
| 300 |
_a227 p. : _bil. ; _c28 cm. |
||
| 490 | 1 | _aExperiencias didácticas | |
| 500 | _aIncluye datos biografícos de los autores. | ||
| 700 | 1 |
_aFernández de Perdomo, Yolanda _936686 |
|
| 700 | 1 |
_aNivar de Fernández, Nora _936687 |
|
| 700 | 1 |
_aPereyra de Torres, Ana Teresa _936694 |
|
| 700 | 1 |
_aDíaz de Pérez, Cristina _936695 |
|
| 830 | 0 |
_aExperiencas didácticas _973762 |
|
| 999 |
_c45193 _d45193 |
||